000 00473nam a22001577a 4500
999 _c10493
_d10493
003 GBCCL
005 20241126110733.0
008 240822b ||||| |||| 00| 0 eng d
040 _cgbc
082 _aARC GBC-2024
_bTHA
100 _aThangminlian, H
_918267
245 _aRe-examining the Zo masculinity and patriarchy in relation to the house hold codes in Ephesians 5:22-24
260 _aNew Lamka :
_bGrace Bible college,
_c2024
300 _a71p. ;
942 _2ddc
_cTH